Countries Closest to Micronesia - Statistics

General Stats
  • This quiz has been taken 210 times
    201 since last reset
  • The average score is 12 of 15
Answer Stats
km Answer mi % Correct
1759 Palau 1093
92%
4061 Australia 2523
90%
1692 Papua New Guinea 1059
88%
2081 Nauru 1254
85%
3203 Philippines 1990
84%
2274 Marshall Islands 1413
83%
2174 Solomon Islands 1351
81%
3511 New Caledonia 2207
80%
3409 Tuvalu 2118
77%
3432 Japan 2133
75%
3111 Vanuatu 1933
75%
1234 Northern Marina Islands 767
74%
3633 Taiwan 2257
68%
3920 South Korea 2436
53%
3970 Brunei 2467
47%
No matching quizzes found
Score Distribution
Percent of People with Each Score
Percentile by Number Answered
Your Score History
You have not taken this quiz since the last reset